00915nam a22002417a 450000500170000001000130001702000230003003500130005303700160006604000120008208200130009410000250010724501680013226000400030027000530034030000250039365000330041865000190045170000260047094200220049699900190051895201360053720170124105948.0 aB-060709 c150.00a8176210153 aB-060709 bCen Lib/Ret aDPLbEN a211bMOT aMother Teresa912923 aEverything starts from prayer :cby Mother Teresa; selected and arranged by Anthony SternbMother Teresa's meditations on spiritual life for people of all faiths / aDelhibFull Circle Publishingc2001 a18-19, Dilshad Garden, G. T. RoadbDelhie110095 axx,145p. c22cm(pbk) aPrayer -- Meditations912924 aPrayers911260 aStern, Anthony912925 2ddccENh211mMOT c125076d125076 00104070aLbLd2015-06-19eCen Lib/Retg150.00l1o211 MOTpB-060709r2020-01-27 00:00:00s2020-01-14t1v150.00w2015-06-19yEN